Social institutions among the Hindus. (Record no. 83740)

MARC details
000 -LEADER
fixed length control field 00349nam a2200133Ia 4500
008 - FIXED-LENGTH DATA ELEMENTS--GENERAL INFORMATION
fixed length control field 210210b1969 xxu||||| |||| 00| 0 eng d
082 ## - DEWEY DECIMAL CLASSIFICATION NUMBER
Classification number 306.0954 RAOS
100 ## - MAIN ENTRY--PERSONAL NAME
Personal name RAO (S J Ramachandra).
245 ## - TITLE STATEMENT
Title Social institutions among the Hindus.
260 ## - PUBLICATION, DISTRIBUTION, ETC.
Place of publication, distribution, etc. Mysore
Name of publisher, distributor, etc. Rao & Raghavan.
Date of publication, distribution, etc. 1969
300 ## - PHYSICAL DESCRIPTION
Extent 85
690 ## - LOCAL SUBJECT ADDED ENTRY--TOPICAL TERM (OCLC, RLIN)
Topical term or geographic name as entry element Indian Society
906 ## - LOCAL DATA ELEMENT F, LDF (RLIN)
a 032776
Holdings
Withdrawn status Lost status Source of classification or shelving scheme Damaged status Not for loan Collection code Home library Current library Shelving location Date acquired Source of acquisition Cost, normal purchase price Total Checkouts Full call number Barcode Date last seen Price effective from Koha item type
    Dewey Decimal Classification     Sociology St Aloysius Library St Aloysius Library Secondary stack section 02/17/2021 Athree Book Centre, Mangalore-01. 20.00   306.0954 RAOS 032776 02/17/2021 02/17/2021 Book